[Event "Titled Tuesday intern op 02nd Aug Early"]
[Site "Chess.com INT"]
[Date "2022.08.02"]
[Round "6"]
[White "Correa, Jose Augusto"]
[Black "Silvestre, Christian"]
[Result "0-1"]
[WhiteElo "1902"]
[BlackElo "1942"]
[PlyCount "66"]
[EventDate "2022.08.02"]
[EventType "swiss (blitz)"]
[EventRounds "11"]
[EventCountry "USA"]
[SourceTitle "EXT 2023"]
[Source "ChessBase"]
[SourceDate "2022.10.05"]
[SourceVersion "1"]
[SourceVersionDate "2022.10.05"]
[SourceQuality "1"]

1. d4 e5 2. e3 exd4 3. exd4 d5 4. Bd3 Bd6 5. c3 Ne7 6. f4 0-0 7. Nf3 Bf5 8. 0-0 Nbc6 9. Ne5 f6 10. Nxc6 bxc6 11. Be3 Re8 12. Re1 Qd7 13. Bf1 Be4 14. Nd2 Nf5 15. Nxe4 Rxe4 16. Qd2 Rae8 17. Bf2 Bxf4 18. Qd3 Nd6 19. b3 Qg4 20. g3 Bh6 21. Bg2 Rxe1+ 22. Rxe1 Rxe1+ 23. Bxe1 Qe6 24. Bf2 Ne4 25. c4 f5 26. c5 Bg5 27. h4 Bf6 28. b4 g5 29. hxg5 Bxg5 30. Bf3 Qh6 31. Kg2 Bf6 32. Be3 Qg7 33. a4 Qxg3+ 0-1

[Event "Pan American-ch U2000"]
[Site "Timbo"]
[Date "2021.12.04"]
[Round "8"]
[White "Mota, Romulo Rodrigues"]
[Black "Correa, Jose Augusto"]
[Result "0-1"]
[WhiteElo "1922"]
[BlackElo "1886"]
[PlyCount "44"]
[EventDate "2021.12.01"]
[EventType "swiss"]
[EventRounds "9"]
[EventCountry "BRA"]
[SourceTitle "CBM 205 Extra"]
[Source "ChessBase"]
[SourceDate "2022.01.31"]
[SourceVersion "1"]
[SourceVersionDate "2022.01.31"]
[SourceQuality "1"]

1. d4 Nf6 2. Bf4 e6 3. e3 b6 4. Nf3 Bb7 5. h3 Bd6 6. Bxd6 cxd6 7. Bd3 0-0 8. Qe2 d5 9. Nbd2 Nc6 10. c3 Rc8 11. 0-0 Ne7 12. Ne5 d6 13. Ng4 Ne4 14. Kh2 f5 15. f3 Nxd2 16. Qxd2 fxg4 17. hxg4 Ng6 18. Rh1 e5 19. Bf5 Rc7 20. Be6+ Kh8 21. Kg3 h6 22. e4 Nf4 0-1

[Event "Santa Catarina State-ch 67th"]
[Site "Rio Negrinho"]
[Date "2021.10.25"]
[Round "3"]
[White "Pavao, Wilson"]
[Black "Correa, Jose Augusto"]
[Result "0-1"]
[WhiteElo "1509"]
[BlackElo "1883"]
[PlyCount "65"]
[EventDate "2021.10.21"]
[EventType "swiss"]
[EventRounds "7"]
[EventCountry "BRA"]
[SourceTitle "EXT 2023"]
[Source "ChessBase"]
[SourceDate "2022.10.05"]
[SourceVersion "1"]
[SourceVersionDate "2022.10.05"]
[SourceQuality "1"]

1. e4 c5 2. Nf3 Nc6 3. Bb5 g6 4. 0-0 Bg7 5. c3 Qb6 6. Bxc6 Qxc6 7. Re1 d5 8. e5 e6 9. d4 Ne7 10. b3 0-0 11. Bb2 b6 12. Na3 Bb7 13. Nc2 Rfc8 14. Rc1 Nf5 15. h3 Bh6 16. Rb1 cxd4 17. Ncxd4 Nxd4 18. Nxd4 Qd7 19. Qe2 a6 20. g3 Rc7 21. f4 Rac8 22. Rbc1 b5 23. Qd2 Qe7 24. h4 Bf8 25. Kh2 Qc5 26. Kh3 a5 27. Red1 Qb6 28. a3 Bc5 29. Qd3 b4 30. axb4 axb4 31. c4 dxc4 32. Rxc4 Bc6 33. Kh2 0-1

[Event "Titled Tuesday intern op 21st Sept"]
[Site "Chess.com INT"]
[Date "2021.09.21"]
[Round "3"]
[White "Correa, Jose Augusto"]
[Black "Wilson, Elvin"]
[Result "0-1"]
[WhiteElo "1883"]
[BlackElo "2183"]
[PlyCount "80"]
[EventDate "2021.09.21"]
[EventType "swiss (blitz)"]
[EventRounds "9"]
[EventCountry "USA"]
[SourceTitle "EXT 2022"]
[Source "ChessBase"]
[SourceDate "2021.10.06"]
[SourceVersion "1"]
[SourceVersionDate "2021.10.06"]
[SourceQuality "1"]

1. d4 e6 2. e3 d5 3. Bd3 Nf6 4. f4 Be7 5. Nd2 0-0 6. Ngf3 b6 7. Qe2 c5 8. c3 a5 9. 0-0 Ba6 10. Ne5 Bxd3 11. Qxd3 Qc8 12. a4 Qa6 13. Qxa6 Nxa6 14. g4 Rfb8 15. g5 Ne8 16. Ndf3 Rb7 17. Bd2 Nd6 18. Be1 Ne4 19. Nd2 Nxd2 20. Bxd2 Bf8 21. Rfb1 f6 22. Nf3 b5 23. dxc5 bxa4 24. Rxa4 Nxc5 25. Raa1 a4 26. b4 Ne4 27. gxf6 gxf6 28. Ra3 Kf7 29. Rba1 Rba7 30. Kf1 Ke8 31. Ke2 Kd7 32. Nd4 e5 33. fxe5 fxe5 34. Nf3 Bd6 35. Be1 h6 36. Bg3 Ke6 37. Bh4 Rc7 38. Rxa4 Rxa4 39. Rxa4 Nxc3+ 40. Kd3 Nxa4 0-1

[Event "Titled Tuesday intern op 21st Sept"]
[Site "Chess.com INT"]
[Date "2021.09.21"]
[Round "5"]
[White "Iljushina, Olga"]
[Black "Correa, Jose Augusto"]
[Result "1-0"]
[WhiteElo "2035"]
[BlackElo "1883"]
[PlyCount "55"]
[EventDate "2021.09.21"]
[EventType "swiss (blitz)"]
[EventRounds "9"]
[EventCountry "USA"]
[SourceTitle "EXT 2022"]
[Source "ChessBase"]
[SourceDate "2021.10.06"]
[SourceVersion "1"]
[SourceVersionDate "2021.10.06"]
[SourceQuality "1"]

1. d4 e6 2. c4 f5 3. g3 Nf6 4. Bg2 c6 5. Nc3 d5 6. Nh3 Bd6 7. 0-0 h5 8. Bf4 h4 9. Bxd6 Qxd6 10. Nf4 hxg3 11. fxg3 Ng4 12. c5 Qc7 13. e4 Ne3 14. Qe2 Nxf1 15. exd5 cxd5 16. Ncxd5 Qf7 17. Rxf1 Nc6 18. Qe3 0-0 19. Nc3 Rd8 20. Bxc6 bxc6 21. Re1 Rb8 22. b3 Rb4 23. Nce2 a5 24. Nd3 Rb7 25. Ne5 Qc7 26. Nf4 Rb4 27. Rd1 Ba6 28. Nxe6 1-0

[Event "Titled Tuesday intern op 14th Sept"]
[Site "Chess.com INT"]
[Date "2021.09.14"]
[Round "2"]
[White "Buscar, Michael"]
[Black "Correa, Jose Augusto"]
[Result "1-0"]
[WhiteElo "2088"]
[BlackElo "1883"]
[PlyCount "103"]
[EventDate "2021.09.14"]
[EventType "swiss (blitz)"]
[EventRounds "11"]
[EventCountry "USA"]
[SourceTitle "EXT 2022"]
[Source "ChessBase"]
[SourceDate "2021.10.06"]
[SourceVersion "1"]
[SourceVersionDate "2021.10.06"]
[SourceQuality "1"]

1. e4 e6 2. Nf3 d5 3. exd5 exd5 4. d4 Nf6 5. h3 Bd6 6. Bd3 0-0 7. 0-0 Nbd7 8. Re1 Re8 9. Nbd2 Rxe1+ 10. Qxe1 Qe7 11. Qxe7 Bxe7 12. Nb3 c6 13. Bf4 Nb6 14. Re1 Kf8 15. Ne5 Be6 16. g4 h6 17. Bg3 Na4 18. Rb1 Re8 19. Na5 Bc8 20. f4 c5 21. Bf2 c4 22. Bf1 Ne4 23. Be1 Bf6 24. Bb4+ Kg8 25. Bg2 Bxe5 26. dxe5 b6 27. Nxc4 dxc4 28. Bxe4 f6 29. Bd5+ Be6 30. Bxe6+ Rxe6 31. Bd6 fxe5 32. Bxe5 Nc5 33. Rd1 Kf7 34. Rd8 Ne4 35. Rd7+ Re7 36. Rxe7+ Kxe7 37. Bxg7 Ng3 38. Bxh6 Ne2+ 39. Kf2 Nd4 40. c3 Ne6 41. Ke3 Kf6 42. f5 Nc5 43. Kf4 Nd3+ 44. Ke4 Nxb2 45. Be3 Na4 46. Bd4+ Kg5 47. f6 Kg6 48. Ke5 b5 49. Ke6 Nb2 50. f7 Nd1 51. f8Q Nxc3 52. Qf6+ 1-0

[Event "Titled Tuesday intern op 24th Aug"]
[Site "Chess.com INT"]
[Date "2021.08.24"]
[Round "3"]
[White "Correa, Jose Augusto"]
[Black "Okike, David"]
[Result "0-1"]
[WhiteElo "1883"]
[BlackElo "2177"]
[PlyCount "64"]
[EventDate "2021.08.24"]
[EventType "swiss (blitz)"]
[EventRounds "11"]
[EventCountry "USA"]
[SourceTitle "EXT 2022"]
[Source "ChessBase"]
[SourceDate "2021.10.06"]
[SourceVersion "1"]
[SourceVersionDate "2021.10.06"]
[SourceQuality "1"]

1. d4 Nf6 2. e3 g6 3. Bd3 Bg7 4. h4 b6 5. h5 Nxh5 6. Rxh5 gxh5 7. Qxh5 Bb7 8. Nh3 h6 9. Nc3 e6 10. Ne4 d5 11. Ng3 Nd7 12. Nf4 Nf6 13. Qh3 Qe7 14. Bd2 0-0-0 15. a4 a5 16. b4 axb4 17. a5 c5 18. a6 Bc6 19. a7 Kb7 20. Ba6+ Ka8 21. Be2 c4 22. Bf3 c3 23. Bc1 Rd7 24. Nfh5 Nxh5 25. Nxh5 Bf8 26. Qg3 Rxa7 27. Rxa7+ Kxa7 28. Qe5 Rg8 29. e4 f6 30. Nxf6 Rg6 31. Nxd5 exd5 32. exd5 Bb7 0-1

[Event "Titled Tuesday intern op 24th Aug"]
[Site "Chess.com INT"]
[Date "2021.08.24"]
[Round "1"]
[White "Correa, Jose Augusto"]
[Black "Tokhirjonova, Gulruhbegim"]
[Result "0-1"]
[WhiteElo "1883"]
[BlackElo "2320"]
[PlyCount "60"]
[EventDate "2021.08.24"]
[EventType "swiss (blitz)"]
[EventRounds "11"]
[EventCountry "USA"]
[SourceTitle "EXT 2022"]
[Source "ChessBase"]
[SourceDate "2021.10.06"]
[SourceVersion "1"]
[SourceVersionDate "2021.10.06"]
[SourceQuality "1"]

1. d4 e6 2. e3 c5 3. Bd3 Nc6 4. f4 Nf6 5. c3 d5 6. Nd2 Bd7 7. Ngf3 Qb6 8. 0-0 Bd6 9. Kh1 Rc8 10. Ne5 cxd4 11. exd4 Ne7 12. Rf3 Bb5 13. Bc2 a5 14. Rh3 Nf5 15. Bxf5 exf5 16. Qe1 Ne4 17. a4 Ba6 18. Nxe4 dxe4 19. Qg3 g6 20. Qf2 Ke7 21. Be3 f6 22. d5 Qb3 23. Qh4 Qxb2 24. Re1 Qxc3 25. Bb6 Qb4 26. Be3 Rc2 27. Nxg6+ hxg6 28. Qxh8 Qxe1+ 29. Bg1 Qxg1+ 30. Kxg1 Bc5+ 0-1

[Event "Titled Tuesday intern op 24th Aug"]
[Site "Chess.com INT"]
[Date "2021.08.24"]
[Round "5"]
[White "Correa, Jose Augusto"]
[Black "Yang, Kevin S"]
[Result "0-1"]
[WhiteElo "1883"]
[BlackElo "2122"]
[PlyCount "90"]
[EventDate "2021.08.24"]
[EventType "swiss (blitz)"]
[EventRounds "11"]
[EventCountry "USA"]
[SourceTitle "EXT 2022"]
[Source "ChessBase"]
[SourceDate "2021.10.06"]
[SourceVersion "1"]
[SourceVersionDate "2021.10.06"]
[SourceQuality "1"]

1. d4 Nf6 2. e3 e6 3. Bd3 c5 4. c3 Nc6 5. f4 h6 6. Nf3 b6 7. 0-0 Bb7 8. Qe2 cxd4 9. exd4 Qc7 10. Na3 a6 11. Nc2 Nd5 12. Ne5 Nce7 13. Bd2 d6 14. Nc4 g6 15. Rae1 Bg7 16. N4e3 0-0 17. Ng4 Nf5 18. Nce3 h5 19. Nxf5 exf5 20. Ne3 Nf6 21. Qf2 Be4 22. Be2 b5 23. Rc1 Qa7 24. Rfe1 Rfe8 25. Bf3 Bxf3 26. gxf3 Bh6 27. Ng2 Nd5 28. Rxe8+ Rxe8 29. Re1 Re7 30. b3 Rxe1+ 31. Qxe1 Qe7 32. Qxe7 Nxe7 33. Kf2 Kf8 34. c4 Bg7 35. cxb5 axb5 36. a4 bxa4 37. bxa4 Bxd4+ 38. Be3 Bc3 39. Bb6 Ke8 40. Ne3 Nc6 41. Nd5 Bd4+ 42. Bxd4 Nxd4 43. a5 Nc6 44. a6 Kd7 45. Ke3 Na7 0-1

[Event "Titled Tuesday intern op 24th Aug"]
[Site "Chess.com INT"]
[Date "2021.08.24"]
[Round "6"]
[White "Hartikainen, Jarmo"]
[Black "Correa, Jose Augusto"]
[Result "1/2-1/2"]
[WhiteElo "2142"]
[BlackElo "1883"]
[PlyCount "109"]
[EventDate "2021.08.24"]
[EventType "swiss (blitz)"]
[EventRounds "11"]
[EventCountry "USA"]
[SourceTitle "EXT 2022"]
[Source "ChessBase"]
[SourceDate "2021.10.06"]
[SourceVersion "1"]
[SourceVersionDate "2021.10.06"]
[SourceQuality "1"]

1. e4 e6 2. d4 c5 3. Nf3 a6 4. d5 exd5 5. exd5 d6 6. c4 Nf6 7. Nc3 g6 8. Bd3 Bg7 9. h3 0-0 10. Be3 Nbd7 11. Qd2 Re8 12. 0-0 Ne5 13. Nxe5 Rxe5 14. Bf4 Re8 15. Rfe1 b6 16. Bh6 Bh8 17. Rxe8+ Nxe8 18. Ne4 Bf5 19. Re1 Bxe4 20. Rxe4 Nf6 21. Re1 Qd7 22. b3 b5 23. Qf4 b4 24. g4 a5 25. Bg5 Re8 26. Rxe8+ Nxe8 27. Qe3 Bd4 28. Qe4 Nf6 29. Qf4 Qe7 30. Kg2 Be5 31. Qf3 Kg7 32. Qe3 Qd7 33. f4 Bd4 34. Qe2 h6 35. Bh4 a4 36. Bg3 axb3 37. axb3 Qe8 38. Qxe8 Nxe8 39. f5 g5 40. Kf3 f6 41. h4 Kf7 42. hxg5 hxg5 43. Be1 Ke7 44. Bd2 Nc7 45. Bf1 Na6 46. Be2 Bc3 47. Bc1 Nc7 48. Bd1 Na6 49. Ke4 Nc7 50. Kd3 Be5 51. Ke4 Na6 52. Bd2 Nc7 53. Bc1 Na6 54. Bd2 Nc7 55. Bc1 1/2-1/2

[Event "Titled Tuesday intern op 27th July"]
[Site "Chess.com INT"]
[Date "2021.07.27"]
[Round "6"]
[White "Da Paz, Leonardo Gadelha"]
[Black "Correa, Jose Augusto"]
[Result "1-0"]
[WhiteElo "2033"]
[BlackElo "1883"]
[PlyCount "71"]
[EventDate "2021.07.27"]
[EventType "swiss (blitz)"]
[EventRounds "11"]
[EventCountry "USA"]
[SourceTitle "CBM 203 Extra"]
[Source "ChessBase"]
[SourceDate "2021.09.30"]
[SourceVersion "1"]
[SourceVersionDate "2021.09.30"]
[SourceQuality "1"]

1. e4 c5 2. Nc3 Nc6 3. g3 g6 4. Bg2 Bg7 5. d3 e6 6. Be3 b6 7. Qd2 Nge7 8. Bh6 0-0 9. h4 Nd4 10. Bxg7 Kxg7 11. h5 Rh8 12. Nge2 Nec6 13. Nxd4 Nxd4 14. e5 Rb8 15. Ne4 Bb7 16. c3 Bxe4 17. Bxe4 Nc6 18. Qf4 g5 19. h6+ Kf8 20. Qf6 Qxf6 21. exf6 d5 22. Bf3 Ke8 23. 0-0-0 Kd7 24. Rh5 Rhg8 25. g4 Ne5 26. Be2 Rg6 27. f4 Nc6 28. fxg5 Rbg8 29. d4 cxd4 30. Bd3 Rxg5 31. Bxh7 Rxh5 32. gxh5 Rg5 33. Rh1 dxc3 34. Bg6 cxb2+ 35. Kxb2 Rg2+ 36. Kb1 1-0

[Event "Titled Tuesday intern op 20th July"]
[Site "Chess.com INT"]
[Date "2021.07.20"]
[Round "7"]
[White "Correa, Jose Augusto"]
[Black "Shton, Roman"]
[Result "0-1"]
[WhiteElo "1883"]
[BlackElo "2038"]
[PlyCount "52"]
[EventDate "2021.07.20"]
[EventType "swiss (blitz)"]
[EventRounds "11"]
[EventCountry "USA"]
[SourceTitle "CBM 203 Extra"]
[Source "ChessBase"]
[SourceDate "2021.09.30"]
[SourceVersion "1"]
[SourceVersionDate "2021.09.30"]
[SourceQuality "1"]

1. d4 Nf6 2. e3 b6 3. f4 Bb7 4. Nf3 d6 5. Bd3 g6 6. 0-0 Bg7 7. Nbd2 Kf8 8. e4 h6 9. e5 Nd5 10. Ne4 Nb4 11. c3 Nxd3 12. Qxd3 dxe5 13. fxe5 Nc6 14. Neg5 hxg5 15. Nxg5 Nxe5 16. Rxf7+ Kg8 17. Qf1 Qd5 18. dxe5 Bxe5 19. Bf4 Bxf4 20. Rxf4 Qxg5 21. Rf7 Bxg2 22. Qf4 Qxf4 23. Rxf4 Bd5 24. Re1 e6 25. Ref1 Rh7 26. b3 Rh5 0-1

[Event "Titled Tuesday intern op 20th July"]
[Site "Chess.com INT"]
[Date "2021.07.20"]
[Round "1"]
[White "Correa, Jose Augusto"]
[Black "Silva Lucena, Cristian"]
[Result "0-1"]
[WhiteElo "1883"]
[BlackElo "2238"]
[PlyCount "62"]
[EventDate "2021.07.20"]
[EventType "swiss (blitz)"]
[EventRounds "11"]
[EventCountry "USA"]
[SourceTitle "CBM 203 Extra"]
[Source "ChessBase"]
[SourceDate "2021.09.30"]
[SourceVersion "1"]
[SourceVersionDate "2021.09.30"]
[SourceQuality "1"]

1. c4 Nf6 2. Nc3 g6 3. g3 d6 4. Bg2 Bg7 5. e3 0-0 6. Nge2 e5 7. d4 exd4 8. Nxd4 c6 9. 0-0 Re8 10. b3 Qc7 11. Bb2 a5 12. Qc2 Na6 13. a3 Bg4 14. h3 Bc8 15. Rac1 Nc5 16. Rfd1 Qb6 17. Rb1 h5 18. Ba1 h4 19. b4 Ne6 20. Nxe6 Bxe6 21. Rxd6 hxg3 22. c5 gxf2+ 23. Kxf2 Qc7 24. Na4 axb4 25. axb4 Bf5 26. Qd2 Ne4+ 27. Bxe4 Bxe4 28. Bxg7 Kxg7 29. Qd4+ Kg8 30. Rg1 Rxa4 31. Rd7 Qh2+ 0-1

[Event "Titled Tuesday intern op 11th May"]
[Site "Chess.com INT"]
[Date "2021.05.11"]
[Round "3"]
[White "Correa, Jose Augusto"]
[Black "Tymrakiewicz, Rafal"]
[Result "0-1"]
[WhiteElo "1883"]
[BlackElo "2236"]
[PlyCount "62"]
[EventDate "2021.05.11"]
[EventType "swiss (blitz)"]
[EventRounds "11"]
[EventCountry "USA"]
[SourceTitle "CBM 202 Extra"]
[Source "ChessBase"]
[SourceDate "2021.07.31"]
[SourceVersion "1"]
[SourceVersionDate "2021.07.31"]
[SourceQuality "1"]

1. d4 d5 2. e3 c5 3. Bd3 Nc6 4. f4 Nf6 5. c3 Bg4 6. Nf3 e6 7. 0-0 Be7 8. Nbd2 0-0 9. h3 Bf5 10. Bxf5 exf5 11. Ne5 c4 12. Qf3 g6 13. g4 fxg4 14. hxg4 Re8 15. Kg2 Ne4 16. Nxe4 dxe4 17. Qxe4 Rc8 18. Bd2 f6 19. Nxg6 Bf8 20. Qc2 hxg6 21. Qxg6+ Bg7 22. Rh1 Qd5+ 23. Kg3 Ne7 24. Qh7+ Kf8 25. e4 Qg8 26. Qh5 Qf7 27. Qh3 Nc6 28. e5 Ke7 29. Rae1 Kd8 30. Be3 Kc7 31. Rd1 fxe5 0-1

[Event "Titled Tuesday intern op 06th Apr"]
[Site "Chess.com INT"]
[Date "2021.04.06"]
[Round "7"]
[White "Correa, Jose Augusto"]
[Black "Todev, Simeon"]
[Result "0-1"]
[WhiteElo "1883"]
[BlackElo "2001"]
[PlyCount "70"]
[EventDate "2021.04.06"]
[EventType "swiss (blitz)"]
[EventRounds "11"]
[EventCountry "USA"]
[SourceTitle "CBM 201 Extra"]
[Source "ChessBase"]
[SourceDate "2021.05.31"]
[SourceVersion "1"]
[SourceVersionDate "2021.05.31"]
[SourceQuality "1"]

1. d4 g6 2. e3 Bg7 3. Bd3 Nf6 4. h4 0-0 5. h5 Nxh5 6. Rxh5 gxh5 7. Qxh5 h6 8. Qf5 Re8 9. Qh7+ Kf8 10. e4 e6 11. Bxh6 Bxh6 12. Qxh6+ Ke7 13. e5 d5 14. Qf6+ Kd7 15. Qxf7+ Qe7 16. Qxe7+ Kxe7 17. Nf3 Nc6 18. Nc3 Bd7 19. Ke2 a6 20. a3 b5 21. Ke3 Rg8 22. g3 Raf8 23. Nh4 Be8 24. Ne2 Na5 25. b3 c5 26. Nf4 Kd7 27. b4 cxd4+ 28. Kxd4 Nc6+ 29. Kc5 Nxe5 30. Rd1 Bf7 31. Bh7 Rc8+ 32. Kb6 Rc6+ 33. Kb7 Rgc8 34. c4 R8c7+ 35. Kb8 Nxc4 0-1

[Event "Titled Tuesday intern op 06th Apr"]
[Site "Chess.com INT"]
[Date "2021.04.06"]
[Round "5"]
[White "Ochedzan, Tymon"]
[Black "Correa, Jose Augusto"]
[Result "1-0"]
[WhiteElo "2219"]
[BlackElo "1883"]
[PlyCount "61"]
[EventDate "2021.04.06"]
[EventType "swiss (blitz)"]
[EventRounds "11"]
[EventCountry "USA"]
[SourceTitle "CBM 201 Extra"]
[Source "ChessBase"]
[SourceDate "2021.05.31"]
[SourceVersion "1"]
[SourceVersionDate "2021.05.31"]
[SourceQuality "1"]

1. e4 c5 2. Nf3 Nc6 3. c3 d5 4. exd5 Qxd5 5. Bb5 a6 6. Bxc6+ Qxc6 7. 0-0 Bg4 8. Ne5 Bxd1 9. Nxc6 Bf3 10. Ne5 Bd5 11. d3 f6 12. Ng4 e5 13. Ne3 Bc6 14. Re1 Rd8 15. Rd1 Ne7 16. Na3 b5 17. b3 Nd5 18. Bb2 Be7 19. Nac2 Nf4 20. d4 cxd4 21. cxd4 exd4 22. Nxd4 Bb7 23. g3 Nh3+ 24. Kf1 Kf7 25. Nef5 Bc5 26. Rac1 Bxd4 27. Rxd4 Bf3 28. Rc7+ Ke6 29. Nxg7+ Ke5 30. Rxd8+ Ke4 31. Rxh8 1-0

[Event "Titled Tuesday intern op 06th Apr"]
[Site "Chess.com INT"]
[Date "2021.04.06"]
[Round "1"]
[White "Sadykov, Ramil"]
[Black "Correa, Jose Augusto"]
[Result "1-0"]
[WhiteElo "2345"]
[BlackElo "1883"]
[PlyCount "71"]
[EventDate "2021.04.06"]
[EventType "swiss (blitz)"]
[EventRounds "11"]
[EventCountry "USA"]
[SourceTitle "CBM 201 Extra"]
[Source "ChessBase"]
[SourceDate "2021.05.31"]
[SourceVersion "1"]
[SourceVersionDate "2021.05.31"]
[SourceQuality "1"]

1. e4 c5 2. Nf3 Nc6 3. Bb5 Nd4 4. Nxd4 cxd4 5. 0-0 g6 6. d3 Bg7 7. Nd2 a6 8. Bc4 d6 9. Bb3 Nf6 10. h3 0-0 11. f4 Qc7 12. Nf3 e5 13. Qe1 Be6 14. fxe5 dxe5 15. Qh4 Bxb3 16. cxb3 Rfe8 17. Bg5 Nd7 18. Rac1 Qd6 19. Rc2 Rac8 20. Rcf2 Nc5 21. Ne1 Rc7 22. Bf6 Re6 23. Bxg7 Kxg7 24. b4 Na4 25. Nf3 h6 26. a3 Nb6 27. Qg3 Rce7 28. h4 Nd7 29. h5 Nf8 30. Nh4 Kh7 31. Rxf7+ Rxf7 32. Rxf7+ Kg8 33. hxg6 Nxg6 34. Rxb7 Kf8 35. Qf3+ Rf6 36. Nxg6+ 1-0

[Event "Titled Tuesday intern op 23rd Mar"]
[Site "Chess.com INT"]
[Date "2021.03.23"]
[Round "2"]
[White "Correa, Jose Augusto"]
[Black "Suvorov, Luca"]
[Result "0-1"]
[WhiteElo "1883"]
[BlackElo "2279"]
[PlyCount "68"]
[EventDate "2021.03.23"]
[EventType "swiss (blitz)"]
[EventRounds "11"]
[EventCountry "USA"]
[SourceTitle "CBM 201 Extra"]
[Source "ChessBase"]
[SourceDate "2021.05.31"]
[SourceVersion "1"]
[SourceVersionDate "2021.05.31"]
[SourceQuality "1"]

1. c4 Nf6 2. Nc3 e6 3. Nf3 d5 4. cxd5 exd5 5. d4 c6 6. Bg5 Bd6 7. e3 0-0 8. Bd3 h6 9. Bh4 Bg4 10. Rc1 Nbd7 11. h3 Bh5 12. g4 Bg6 13. Bxg6 fxg6 14. Qd3 g5 15. Bg3 Bxg3 16. fxg3 Qc7 17. Ke2 Rae8 18. Rcg1 Ne4 19. Nxe4 dxe4 20. Qc4+ Kh7 21. Nd2 Nb6 22. Qc2 Nd5 23. Nxe4 Kg8 24. h4 Qe7 25. hxg5 Qxe4 26. Qxe4 Rxe4 27. gxh6 Rxe3+ 28. Kd2 Rf2+ 29. Kd1 gxh6 30. Rxh6 Ree2 31. Rgh1 Rd2+ 32. Ke1 Rfe2+ 33. Kf1 Ne3+ 34. Kg1 Rg2# 0-1

[Event "Titled Tuesday intern op 09th Mar"]
[Site "Chess.com INT"]
[Date "2021.03.09"]
[Round "5"]
[White "Correa, Jose Augusto"]
[Black "Jakubowska, Anna"]
[Result "0-1"]
[WhiteElo "1883"]
[BlackElo "2073"]
[PlyCount "64"]
[EventDate "2021.03.09"]
[EventType "swiss (blitz)"]
[EventRounds "11"]
[EventCountry "USA"]
[SourceTitle "CBM 201 Extra"]
[Source "ChessBase"]
[SourceDate "2021.05.31"]
[SourceVersion "1"]
[SourceVersionDate "2021.05.31"]
[SourceQuality "1"]

1. c4 e5 2. Nc3 Nc6 3. g3 g6 4. Bg2 Bg7 5. e3 d6 6. Nge2 Nge7 7. 0-0 h5 8. h3 Be6 9. b3 Qd7 10. Kh2 h4 11. g4 f5 12. f3 fxg4 13. fxg4 0-0-0 14. Ng1 d5 15. Bb2 dxc4 16. Ne4 cxb3 17. Nc5 Qd6 18. Nxe6 Qxe6 19. axb3 Kb8 20. b4 Rhf8 21. b5 Qd6 22. bxc6 e4+ 23. Kh1 Bxb2 24. Qb3 Nxc6 25. Qxb2 Rxf1 26. Rxf1 Qxd2 27. Qxd2 Rxd2 28. Rf8+ Rd8 29. Rf6 a5 30. Bxe4 Ne5 31. Nf3 Nc4 32. Nd4 Nxe3 0-1

[Event "Titled Tuesday intern op 09th Mar"]
[Site "Chess.com INT"]
[Date "2021.03.09"]
[Round "1"]
[White "Kusa, Jakub"]
[Black "Correa, Jose Augusto"]
[Result "0-1"]
[WhiteElo "2336"]
[BlackElo "1883"]
[PlyCount "42"]
[EventDate "2021.03.09"]
[EventType "swiss (blitz)"]
[EventRounds "11"]
[EventCountry "USA"]
[SourceTitle "CBM 201 Extra"]
[Source "ChessBase"]
[SourceDate "2021.05.31"]
[SourceVersion "1"]
[SourceVersionDate "2021.05.31"]
[SourceQuality "1"]

1. e4 c5 2. Nf3 Nc6 3. Bb5 g6 4. Bxc6 bxc6 5. d3 Bg7 6. Nc3 d6 7. 0-0 Nf6 8. h3 0-0 9. e5 Nd5 10. exd6 Nxc3 11. dxe7 Qxe7 12. bxc3 Bxc3 13. Rb1 Be6 14. Bb2 Bxb2 15. Rxb2 Qf6 16. Rb7 Rfb8 17. Qb1 Rd8 18. Qb2 Qf4 19. Qe5 Qa4 20. Ng5 Rd5 21. Qf4 Qxf4 0-1

[Event "Titled Tuesday intern op 02nd Mar"]
[Site "Chess.com INT"]
[Date "2021.03.02"]
[Round "7"]
[White "Correa, Jose Augusto"]
[Black "Kairbekova, Amina"]
[Result "0-1"]
[WhiteElo "1883"]
[BlackElo "2132"]
[PlyCount "68"]
[EventDate "2021.03.02"]
[EventType "swiss (blitz)"]
[EventRounds "11"]
[EventCountry "USA"]
[SourceTitle "CBM 201 Extra"]
[Source "ChessBase"]
[SourceDate "2021.05.31"]
[SourceVersion "1"]
[SourceVersionDate "2021.05.31"]
[SourceQuality "1"]

1. d4 Nf6 2. e3 g6 3. Bd3 Bg7 4. h4 h5 5. Nf3 0-0 6. b3 d6 7. Bb2 Nbd7 8. Nbd2 c5 9. c4 Qc7 10. Qc2 e5 11. 0-0 b6 12. Rac1 Bb7 13. d5 Ng4 14. Ng5 Bc8 15. Rce1 Qd8 16. f4 Bh6 17. Bxg6 Bxg5 18. Bh7+ Kh8 19. hxg5 f6 20. Qg6 Qe7 21. Qxh5 Qxh7 22. Qxg4 Rg8 23. Rf3 Nf8 24. Qg3 Ng6 25. f5 Nh4 26. Qxh4 Qxh4 27. Rh3 Qxh3 28. gxh3 Rxg5+ 29. Kh2 Bxf5 30. e4 Rag8 31. exf5 Rg2+ 32. Kh1 Rxd2 33. Bc3 Rd3 34. Ba1 Rxh3# 0-1

[Event "Titled Tuesday intern op 02nd Mar"]
[Site "Chess.com INT"]
[Date "2021.03.02"]
[Round "6"]
[White "Hoffmann, Asa"]
[Black "Correa, Jose Augusto"]
[Result "1-0"]
[WhiteElo "2185"]
[BlackElo "1883"]
[PlyCount "59"]
[EventDate "2021.03.02"]
[EventType "swiss (blitz)"]
[EventRounds "11"]
[EventCountry "USA"]
[SourceTitle "CBM 201 Extra"]
[Source "ChessBase"]
[SourceDate "2021.05.31"]
[SourceVersion "1"]
[SourceVersionDate "2021.05.31"]
[SourceQuality "1"]

1. d4 e6 2. e4 c5 3. d5 exd5 4. exd5 d6 5. Be2 Nf6 6. Nf3 g6 7. Bf4 Bg7 8. Qd2 0-0 9. Nc3 a6 10. a4 Re8 11. 0-0 Bg4 12. h3 Bxf3 13. Bxf3 Qc7 14. Bh6 Bh8 15. Rfe1 Nbd7 16. Bf4 Ne5 17. Bxe5 Rxe5 18. Rxe5 dxe5 19. d6 Qd7 20. Rd1 Rd8 21. Nd5 Nxd5 22. Bxd5 Bg7 23. Bc4 Bf8 24. Qd5 Bxd6 25. Rd3 b6 26. Bxa6 Qxa4 27. Bc4 Qd7 28. Rf3 Rf8 29. Rf6 b5 30. Rxd6 1-0